国家一级博物馆(西南西北篇)China national first-class museums - Statistics

General Stats
  • This quiz has been taken 26 times
    15 since last reset
  • The average score is 39 of 66
Answer Stats
省份 地市 国家一级博物馆 % Correct
陕西 西安 秦始皇兵马俑博物馆
100%
四川 成都 四川博物院
93%
西藏 拉萨 西藏博物馆
93%
陕西 ** 西安博物院
93%
甘肃 兰州 甘肃省博物馆
93%
宁夏 银川 宁夏博物馆
93%
青海 西宁 青海省博物馆
93%
新疆 乌鲁木齐 新疆维吾尔自治区博物馆
93%
四川 德阳 三星堆博物馆
86%
四川 ** 成都博物馆
86%
贵州 贵阳 贵州省博物馆
86%
云南 昆明 云南省博物馆
86%
云南 ** 昆明市博物馆
86%
甘肃 酒泉 敦煌研究院
86%
甘肃 ** 兰州市博物馆
86%
贵州 遵义 遵义会议纪念馆
79%
陕西 ** 咸阳博物院
79%
甘肃 ** 武威市博物馆
79%
四川 成都 成都武侯祠博物馆
71%
重庆 - 重庆中国三峡博物馆
71%
陕西 西安 陕西历史博物馆
71%
甘肃 ** 平凉市博物馆
71%
甘肃 ** 临夏回族自治州博物馆
71%
宁夏 ** 固原博物馆
71%
新疆 ** 哈密市博物馆
71%
四川 成都 成都杜甫草堂博物馆
64%
四川 成都 成都金沙遗址博物馆
64%
四川 ** 泸州市博物馆
64%
陕西 延安 延安革命纪念馆
64%
陕西 西安 西安碑林博物馆
64%
陕西 ** 汉中市博物馆
64%
甘肃 ** 天水市博物馆
64%
宁夏 银川 西夏博物馆
64%
新疆 ** 吐鲁番博物馆
64%
四川 广安 邓小平故居陈列馆
57%
四川 ** 宜宾市博物院
57%
云南 玉溪 澄江化石地世界自然遗产博物馆(云南省自然博物馆)
57%
重庆 - 大足石刻博物馆
57%
陕西 宝鸡 宝鸡青铜器博物院
57%
陕西 宝鸡 法门寺博物馆
57%
四川 自贡 自贡恐龙博物馆
50%
四川 眉山 眉山三苏祠博物馆
50%
重庆 - 重庆自然博物馆
50%
陕西 咸阳 乾陵博物馆
50%
四川 自贡 自贡市盐业历史博物馆
43%
四川 南充 朱德同志故居纪念馆
43%
贵州 遵义 四渡赤水纪念馆
43%
陕西 咸阳 汉景帝阳陵博物院
43%
陕西 西安 西安大唐西市博物馆
43%
甘肃 张掖 中国工农红军西路军纪念馆
43%
四川 绵阳 5·12汶川特大地震纪念馆
43%
四川 成都 四川大学博物馆
36%
陕西 西安 西安半坡博物馆
36%
陕西 西安 陕西自然博物馆
36%
贵州 贵阳 贵州省民族博物馆
29%
贵州 贵阳 贵州省地质博物馆
29%
云南 昆明 云南民族博物馆
29%
重庆 - 重庆红岩革命历史博物馆
29%
甘肃 兰州 甘肃简牍博物馆
29%
青海 西宁 青海藏医药文化博物馆
29%
重庆 - 重庆三峡移民纪念馆
21%
重庆 - 聂荣臻元帅陈列馆
21%
陕西 铜川 陕甘边革命根据地照金纪念馆
21%
甘肃 临夏 和政古动物化石博物馆
21%
四川 成都 四川省建川博物馆
14%
重庆 - 杨闇公杨尚昆旧居陈列馆
14%
No matching quizzes found
Score Distribution
Percent of People with Each Score
Percentile by Number Answered
Your Score History
You have not taken this quiz since the last reset